000 00594nam a22002057a 4500
005 20250115115854.0
010 _aENG-143417
020 _c9789391317645
035 _aEN-126949
037 _bDBAD
082 _as
100 _aVikram & Friends
_976610
245 _aSupernatural romance;
_bHorrific potion of love & fear/
260 _aNoida
_bBook Street Publication
270 _a2203, Express trade Towers-2, Sector-132, Noida
_bUP
_e201304.
300 _a186 p.
_c21 cm(pb)
600 _dvikram & friends
_976611
700 _aVikram & friends
_976612
942 _2ddc
_cEN
_mvik
_hs
999 _c208524
_d208524